Trzyliterowe nazwy zwierząt - Statystyki

Ogólne statystyki
  • Ten quiz został rozwiązany 805 razy
    775 od ostatniego zresetowania
  • Średni wynik to 12 z 56
Statystyki odpowiedzi
Zwierzę Co to jest? % Poprawnych
Kot
93%
Koń
55%
Lis
55%
Byk
49%
Lew
48%
Osa
47%
Wąż
46%
Jak bawół z Himalajów
43%
Ryś
41%
Rak
39%
Emu
38%
Kos ptak
38%
Tur wymarły wół
37%
Ara duża papuga
36%
Łoś
36%
Gil
33%
Paw
33%
Bąk
30%
Jeż
30%
Żuk
30%
Wół
27%
Lin gatunek ryby
26%
Sum
25%
Ćma
23%
Mul małż; omułek jadalny
21%
Muł
21%
Sęp
20%
Kur dawna nazwa koguta
19%
Boa
18%
Gnu antylopa ze wschodniej Afryki
15%
Gad
14%
Gęś
14%
Mól
14%
Cap stary baran/kozioł
11%
Nur ptak wodny
10%
Aga duża ropucha
9%
Wal wieloryb
8%
Żak afrykańska papuga
8%
Kuc małe konie
7%
Ren renifer tundrowy
7%
Rap ryba; boleń pospolity
6%
Wij stawonogi, do których należą m.in. krocionogi
6%
Zys orzeł przedni
6%
Jaź ryba
4%
Koi karp
4%
Paź motyl
4%
Tar wół z Himalajów
4%
Kob gatunek antylopy
3%
Lar małpa (gibon białoręki)
3%
Kea nowozelandzka papuga
2%
Muc lichy koń
2%
Efa wąż żyjący w Egipcie
1%
Nęk owad, gatunek błonkówki
1%
Pęz wąż morski
1%
Rea ptak
1%
Wyz ryba czarnomorska
1%
Nie znaleziono quizów pasujących do podanych kryteriów
Rozkład punktacji
Procent ludzi z każdym wynikiem
Percentyl według liczby udzielonych odpowiedzi
Twoja historia wyników
Nie rozwiązałeś tego quizu od ostatniego zresetowania